书目信息 |
| 题名: |
组织机构代码管理信息系统教程
|
|
| 作者: | 顾迎建 , 柯志勇 主编 ;全国组织机构代码管理中心 编 | |
| 分册: | ||
| 出版信息: | 北京 中国标准出版社 2005.10 |
|
| 页数: | 296页 | |
| 开本: | 26cm | |
| 丛书名: | ||
| 单 册: | ||
| 中图分类: | F208-39 | |
| 科图分类: | ||
| 主题词: | 组织机构--zu zhi ji gou--代码--管理信息系统--教材 | |
| 电子资源: | ||
| ISBN: | 7-5066-3908-4 | |
| 000 | 01091nam0 2200241 450 | |
| 001 | 012007375296 | |
| 005 | 20070928164808.84 | |
| 010 | @a7-5066-3908-4@dCNY38.00 | |
| 100 | @a20070725d2005 km y0chiy0120 ea | |
| 101 | 0 | @achi |
| 102 | @aCN@b110000 | |
| 105 | @aa z 000yy | |
| 200 | 1 | @a组织机构代码管理信息系统教程@Azu zhi ji gou dai ma guan li xin xi xi tong jiao cheng@f全国组织机构代码管理中心编@Fquan guo zu zhi ji gou dai ma guan li zhong xin bian@g柯志勇, 顾迎建主编@Gke zhi yong,gu ying jian zhu bian |
| 210 | @a北京@c中国标准出版社@d2005.10 | |
| 215 | @a296页@c图@d26cm | |
| 330 | @a本教程共分三个部分;第一部分为全国组织机构代码管理信息系统(B/S)使用教程;第二部分为全国组织机构代码管理信息系统(C/S版)使用教程;第三部分为全国组织机构代码共享平台使用教程。 | |
| 606 | 0 | @a组织机构@Azu zhi ji gou@x代码@x管理信息系统@j教材 |
| 690 | @aF208-39@v4 | |
| 701 | 0 | @a顾迎建@Agu ying jian@4主编 |
| 701 | 0 | @a柯志勇@Ake zhi yong@4主编 |
| 712 | 02 | @a全国组织机构代码管理中心@Aquan guo zu zhi ji gou dai ma guan li zhong xin@4编 |
| 801 | 0 | @aCN@c20070928 |
| 905 | @dF208-39@eK468 | |
| 组织机构代码管理信息系统教程/全国组织机构代码管理中心编/柯志勇, 顾迎建主编.-北京:中国标准出版社,2005.10 |
| 296页:图;26cm |
| ISBN 7-5066-3908-4:CNY38.00 |
| 本教程共分三个部分;第一部分为全国组织机构代码管理信息系统(B/S)使用教程;第二部分为全国组织机构代码管理信息系统(C/S版)使用教程;第三部分为全国组织机构代码共享平台使用教程。 |
| ● |
| 相关链接 |
|
|
|
正题名:组织机构代码管理信息系统教程
索取号:F208-39/K468
 
预约/预借
| 序号 | 登录号 | 条形码 | 馆藏地/架位号 | 状态 | 备注 |
| 1 | 248434 | 202484347 | 社科二线422/409社科库 72排3列1层/ [索取号:F208-39/K468] | 在馆 | |
| 2 | 248435 | 202484356 | 社科库409/409社科库 72排3列1层/ [索取号:F208-39/K468] | 在馆 | |
| 3 | 248436 | 202484365 | 社科二线422/409社科库 72排3列1层/ [索取号:F208-39/K468] | 在馆 |